000 00607nam a22001937a 4500
005 20251108165423.0
008 250721s1983 xx 000 0 ara d
082 1 4 _aم/956/حسن
100 1 _aحسن، حسن إبراهيم
245 1 0 _aتاريخ الإسلام السياسي و الديني و الثقافي و الإجتماعي /
250 _aط9
264 1 _aالقاهرة :
_bمكتبة النهضة المصرية،
_c1983.
300 _a
650 1 7 _aالعرب
650 1 7 _aالتاريخ
650 1 7 _aالحضارة الإسلامية
942 _2ddc
_cREF
999 _c27497
_d27497